A bölcsészet problémája
Elmentve itt :
| Szerző: | |
|---|---|
| Dokumentumtípus: | Cikk |
| Megjelent: |
1882
|
| Sorozat: | Kolligátum
|
| Kulcsszavak: | Filozófia - magyar - 19. sz. |
| Online Access: | http://misc.bibl.u-szeged.hu/23755 |
| LEADER | 00540nab a2200169 i 4500 | ||
|---|---|---|---|
| 001 | misc23755 | ||
| 005 | 20191111110703.0 | ||
| 008 | 171011s1882 hu o 0|| zxx d | ||
| 040 | |a SZTE Miscellanea Repozitórium |b hun | ||
| 041 | |a zxx | ||
| 100 | 1 | |a Schmitt Jenő | |
| 245 | 1 | 2 | |a A bölcsészet problémája |h [elektronikus dokumentum] / |c Schmitt Jenő |
| 260 | |c 1882 | ||
| 300 | |a 321-340 | ||
| 490 | 0 | |a Kolligátum | |
| 695 | |a Filozófia - magyar - 19. sz. | ||
| 856 | 4 | 0 | |u http://misc.bibl.u-szeged.hu/23755/1/koll_008_024_321-340.pdf |z Dokumentum-elérés |